000
00274nam a2200109Ia 4500
005
20251222141955.0
008
251222s9999||||xx |||||||||||||| ||spa||
082
_a
250.25/A78/2007
245
0
_a
Directorio EclesiƔstico 2006-2007
264
_b
Arzobispado de Lima
942
_c
LIB
999
_c
9814
_d
9814